000
00313nam a22001337a 4500
008
131202t xxu||||| |||| 00| 0 eng d
020
_a
0-323-04331-3
040
_a
ASAB
_c
ASAB
100
_a
Roderick Nairn
_9
346
245
_a
Immunology for Medical Students
250
_a
2nd ed.
300
_a
340
942
_2
ddc
_c
BK
999
_c
16615
_d
16615